Music Quiz

Random Music or Song Quiz

Title Not in Song Quiz Stats

 Plays Quiz Updated Mar 27, 2018

Score 0/20 Timer 05:00
4 Plays Today
Hint Lyric Song Title % Correct
Is this the real life? Is this just fantasy? Bohemian Rhapsody
86.5%
Hello, Hello, Hello, How Low?Smells Like Teen Spirit
58.2%
Teenage wastelandBaba O'Riley
55.7%
When everything's made to be broken I just want you to know who I am Iris
54.3%
Please allow me to introduce myselfSympathy for the Devil
45.2%
Revolutionaries wait for my head on a silver plateViva La Vida
41.9%
Sometimes I give myself the creepsBasket Case
40.4%
Hey hey mama said the way you moveBlack Dog
40.3%
I read the news today oh boyA Day in the Life
40.2%
I'm more than a bird...I'm more than a planeSuperman
39.3%
Hint Lyric Song Title % Correct
I've hungered for your touch Unchained Melody
36.2%
One pill makes your larger and one pill makes you smallWhite Rabbit
35.5%
I think it's time we stop, children, what's that soundFor What It's Worth
21.8%
I said hey! What's going On?What's Up
21.8%
You want it all but you can't have it Epic
21.6%
When the dogs do find her Got time, time to wait for tomorrowPlush
18.3%
You make me feel like I am whole againLove Song
17.2%
Everybody must get stonedRainy Day Women # 12 & 35
16.1%
I am waiting at the counter for the man to pour the coffeeTom's Diner
13.9%
Every time I see you falling I get down on my knees and prayBizarre Love Triangle
7.4%

You're not logged in!

Compare scores with friends on all Sporcle quizzes.
OR
Log In

Sporcle TV

Today on Sporcle TV


Watch our educational content, quiz creation guides, and fun videos on Sporcle TV.

Show Comments

Extras

Top Quizzes Today


Score Distribution

Your Account Isn't Verified!

In order to create a playlist on Sporcle, you need to verify the email address you used during registration. Go to your Sporcle Settings to finish the process.

Report this User

Report this user for behavior that violates our Community Guidelines.

Details: